书目信息 |
| 题名: |
黑暗的心
|
|
| 作者: | 康拉德 著 ;黄雨石 译 | |
| 分册: | ||
| 出版信息: | 北京 商务印书馆 2019.04 |
|
| 页数: | 249页 | |
| 开本: | 21cm | |
| 丛书名: | 名著名译英汉对照读本 | |
| 单 册: | ||
| 中图分类: | H319.4 | |
| 科图分类: | ||
| 主题词: | 中篇小说--zhong pian xiao shuo--英国--现代--英语--汉语--对照读物 | |
| 电子资源: | ||
| ISBN: | 978-7-100-17159-5 | |
| 000 | 01359nam 2200289 450 | |
| 001 | 202019137354 | |
| 005 | 20191026133320.0 | |
| 010 | @a978-7-100-17159-5@dCNY28.00 | |
| 100 | @a20191022d2019 em y0chiy50 ea | |
| 101 | 1 | @achi@aeng@ceng |
| 102 | @aCN@b110000 | |
| 105 | @ay z 000ay | |
| 106 | @ar | |
| 200 | 1 | @a黑暗的心@Ahei an de xin@d= Heart of darkness@f(英) 康拉德著@g黄雨石译@zeng |
| 210 | @a北京@c商务印书馆@d2019.04 | |
| 215 | @a249页@d21cm | |
| 225 | 2 | @a名著名译英汉对照读本@Aming zhu ming yi ying han dui zhao du ben |
| 314 | @a康拉德, 在英国文学史上有突出中药的地位, 被誉为英国现代八大作家之一。黄雨石, 国内知名译者。 | |
| 330 | @a约瑟夫·康拉德是英国著名作家, 《黑暗的心》是他的代表作之一。描写一家英国贸易公司委托小说中的“我”到非洲丛林寻找该公司失踪的贸易代表库尔茨, 当找到时, 发现其已经变疯并很快死去。作者借寻找的经历描写了殖民者在非洲大陆的感受。黑暗之心表面上指非洲大陆的腹地, 同时也比喻了在这片土地上受到腐蚀的人心的黑暗。译作也踏实反映了原文的意义。 | |
| 410 | 0 | @12001 @a名著名译英汉对照读本 |
| 500 | 10 | @aHeart of darkness@mChinese |
| 606 | 0 | @a中篇小说@Azhong pian xiao shuo@y英国@z现代@x英语@x汉语@j对照读物 |
| 690 | @aH319.4@v5 | |
| 701 | 1 | @a康拉德@Akang la de@g(Conrad, Joseph),@f1857-1924@4著 |
| 702 | 0 | @a黄雨石@Ahuang yu shi@4译 |
| 801 | 0 | @aCN@c20190905 |
| 905 | @a河南城建学院图书馆@dH319.4@eK250-5 | |
| 黑暗的心= Heart of darkness/(英) 康拉德著/黄雨石译.-北京:商务印书馆,2019.04 |
| 249页;21cm.-(名著名译英汉对照读本) |
| ISBN 978-7-100-17159-5:CNY28.00 |
| 约瑟夫·康拉德是英国著名作家, 《黑暗的心》是他的代表作之一。描写一家英国贸易公司委托小说中的“我”到非洲丛林寻找该公司失踪的贸易代表库尔茨, 当找到时, 发现其已经变疯并很快死去。作者借寻找的经历描写了殖民者在非洲大陆的感受。黑暗之心表面上指非洲大陆的腹地, 同时也比喻了在这片土地上受到腐蚀的人心的黑暗。译作也踏实反映了原文的意义。 |
| ● |
| 相关链接 |
|
|
|
正题名:黑暗的心
索取号:H319.4/K250-5
 
预约/预借
| 序号 | 登录号 | 条形码 | 馆藏地/架位号 | 状态 | 备注 |
| 1 | 1445896 | 214458969 | 语言库209/209语言库 46排2列6层/ [索取号:H319.4/K250-5] | 在馆 | |
| 2 | 1445897 | 214458978 | 语言库209/209语言库 46排2列6层/ [索取号:H319.4/K250-5] | 在馆 |